| 000 | 00904cad a22002055a 4500 | ||
|---|---|---|---|
| 001 | L156932 | ||
| 008 | 120731s2012 xxk 000 0 eng d | ||
| 035 | _a(Sirsi) u156932 | ||
| 041 | 0 | _aeng | |
| 110 | 2 |
_aRoyal Institution of Chartered Surveyors _bEconomics _95033 |
|
| 245 | 0 | 0 |
_aRICS global distressed property monitor _bQ4 2011 _h[electronic resource] |
| 260 |
_aLondon _bRICS _c2012 |
||
| 490 | 0 |
_aRICS Global Distressed Property Monitor _vQ4 2011 |
|
| 520 | _aDemand for distressed property rises in more countries than in Q3 2011. Supply is still expected to rise in the majority of countries. Supply of distressed property expected to rise at fastest pace in Europe. | ||
| 590 | _aKA | ||
| 651 | 4 | _aInternational | |
| 690 |
_aCommercial property _96227 |
||
| 856 | 4 | 0 |
_uhttps://www.rics.org/site/download_feed.aspx?fileID=11369&fileExtension=PDF _zView the monitor at www.rics.org |
| 942 | _n0 | ||
| 999 |
_c114499 _d114499 |
||